000
00296nam a22001337a 4500
008
181107b xxu||||| |||| 00| 0 eng d
020
_a
9780314481504
041
_a
eng
080
_a
101
100
_a
24
101
_a
FIL
245
_a
Introduction to Philosophy
_c
White,J.E
942
_2
udc
_c
BK
999
_c
52096
_d
52096